banner-ar

سياسية عدم الانحياز فى المجال الدولى ! / (Record no. 46929)

MARC details
000 -الفاتح
حقل البيانات ثابتة الطول 00620nam a2200157Ia 4500
008 - عناصر البيانات ثابتة الطول - معلومات عامة
حقل البيانات ثابتة الطول 140319s9999 xx 000 0 ara d
040 ## - مصدر الفهرسة
وكالة الفهرسة الأصلية GCL /
وكالة النسخ GCL
082 04 - رقم تصنيف ديوى العشرى
رقم التصنيف 341.26
رقم المادة ح س
100 1# - المدخل الرئيسى - إسم شخصى
الإسم الشخصى حسين فهمى مصطفى
245 10 - بيان العنوان
العنوان سياسية عدم الانحياز فى المجال الدولى ! /
بيان المسئوليه,etc حسين فهمى مصطفى
650 04 - المدخل الاضافى بالموضوع-مصطلح موضوعى
مصطلح موضوعي السياسة الدولية
650 04 - المدخل الاضافى بالموضوع-مصطلح موضوعى
مصطلح موضوعي المنظمات الدولية
650 04 - المدخل الاضافى بالموضوع-مصطلح موضوعى
مصطلح موضوعي حركة عدم الانحياز
942 ## - عناصر المدخل الإضافي( كوها)
مصدر التصنيف او مخطط الترفيف Dewey Decimal Classification
Koha [default] item type كتاب
Holdings
حالة التراجع حالة الفقد حالة تلف ليس للاعارة المكان المؤقت الموقع الحالى تاريخ الاكتساب اجمالي اﻻعارات رقم الطلب الباركود تاريخ اخر مشاهدة تاريخ تفعيل السعر نوع وعاء كوها
        مكتبة القاهرة الكبرى مكتبة القاهرة الكبرى 03/26/2014   341.26\ح س 113957 03/26/2014 03/26/2014 كتاب

Powered By

EGPV